Central Library OPAC University of Rajshahi

Sets, logic, and axiomatic theories / (Record no. 7438)

MARC details
000 -LEADER
fixed length control field 00782nam a22002531 4500
001 - CONTROL NUMBER
control field 7438
003 - CONTROL NUMBER IDENTIFIER
rucl marc code BD-RjUL
005 - DATE AND TIME OF LATEST TRANSACTION
control field 20211208234419.0
008 - FIXED-LENGTH DATA ELEMENTS--GENERAL INFORMATION
fixed length control field 150114s1961 caua b 000 0 eng
035 ## - SYSTEM CONTROL NUMBER
System control number (BD-RjUL)7481
040 ## - CATALOGING SOURCE
Original cataloging agency DLC
Transcribing agency DLC
Modifying agency DLC
-- BD-RjUL
Language of cataloging eng
041 ## - LANGUAGE CODE
Language code of text/sound track or separate title eng
082 00 - DEWEY DECIMAL CLASSIFICATION NUMBER
Classification number 511.322
Edition number 23
Author mark and year STS 1961
100 1# - MAIN ENTRY--PERSONAL NAME
Personal name Stoll, Robert Roth.
9 (RLIN) 23250
245 10 - TITLE STATEMENT
Title Sets, logic, and axiomatic theories /
Statement of responsibility, etc. Robert Roth Stoll.
260 ## - PUBLICATION, DISTRIBUTION, ETC. (IMPRINT)
Place of publication, distribution, etc. San Francisco :
Name of publisher, distributor, etc. W. H. Freeman,
Date of publication, distribution, etc. c1961.
300 ## - PHYSICAL DESCRIPTION
Pagination 206 p. :
Illustrations ill. ;
Size 21 cm.
490 0# - SERIES STATEMENT
Series statement A Series of undergraduate books in mathematics. Golden Gate books
504 ## - BIBLIOGRAPHY, ETC. NOTE
Bibliography, etc Includes bibliography.
650 #0 - SUBJECT ADDED ENTRY--TOPICAL TERM
Topical term or geographic name as entry element Set theory.
9 (RLIN) 23251
Topical term or geographic name as entry element Logic, Symbolic and mathematical.
9 (RLIN) 23252
942 ## - ADDED ENTRY ELEMENTS (KOHA)
Source of classification or shelving scheme Dewey Decimal Classification
Koha item type Books
Holdings
Lost status Source of classification or shelving scheme Damaged status Not for loan Collection code Permanent Location Current Location Shelving location Date acquired Source of acquisition Cost, normal purchase price Total Checkouts Full call number Date last seen Copy number Koha item type
  Dewey Decimal Classification     Non-fiction Central Library, University of Rajshahi Central Library, University of Rajshahi   31/10/1962 Zeitlinger 16.00   511.322 STS 1961 15/01/2014 C-3 Books
  Dewey Decimal Classification     Non-fiction Central Library, University of Rajshahi Central Library, University of Rajshahi   29/01/1963 Zeitlinger 12.60   511.322 STS 1961 30/08/2016 C-2 Books